1389 1537 1417 1806 1136 1953 1190 1759 1214 1260 1061 1801 1636 1482 1967 1516 1980 1502 1580 1933 1668 1608 1423 1263 1294 1258 1553 1253 1897 1191 1709 1217 1759 1086 1025 1055 1904 1552 1030 1963 1339 1680 1279 1080 1668 1038 1979 1066 1975 1076 1171 1694 1796 1401 1062 1149 1585 1294 1762 1039 1646 1806 1333 1361 1024 1309 1569 1271 1249 1189 1036 1713 1168 1485 1381 1359 1603 1651 1037 1245 1449 1258 1557 1382 1202 1117 1912 1860 1837 1009 1871 1245 1535 1410 1910 1635 1209 1376 1423 BCNSPRNW ULIB Ver.6.0+V

เปลี่ยนเป็นภาษาไทย

Change to English
 แสดงรายละเอียดบรรณานุกรม
  กลับหน้าหลัก

Brief Record : Get Marc (ISO 2709) : E-mail record : QR code < ปิดหน้าต่าง
LEADER : 00000nam 2200000uu 4500
001    13399107897
003     ULIB
008    110209s2542||||th 000 0 tha d
020    9748059316
060 04 WP100^bน262น 2542
245 00 นรีเวชวิทยา /^cสมบูรณ์ คุณาธิคม, สุวนิตย์ ธีระศักดิ์วิชยา,ภาคภูมิ โพธิ์พงษ์, บรรณาธิการ
250    พิมพ์ครั้งที่ 1
260    กรุงเทพฯ :^bภาควิชาสูติศาสตร์-นรีเวชวิทยาคณะแพทยศาสตร์ศิริราชพยาบาล มหาวิทยาลัยมหิดล,^c2542
300    [9], 512 หน้า :^bภาพประกอบ,^c29 ซม.
504    ดรรชนี
650  7 นรีเวชวิทยา
653    ผลงานอาจารย์คณะแพทยศาสตร์ศิริราชพยาบาล
700 0  สมบูรณ์ คุณาธิคม,^eบรรณาธิการ
700 0  สุวนิตย์ ธีระศักดิ์วิชยา,^eบรรณาธิการ
700 0  ภาคภูมิ โพธิ์พงษ์,^eบรรณาธิการ
710 2  มหาวิทยาลัยมหิดล. ^bคณะแพทยศาสตร์ศิริราชพยาบาล.^bภาควิชาสูติศาสตร์-นรีเวชวิทยา
945    ^p290^l0^i013461
995    ทศพร
999 ^a ใช้งานได้ทุกระบบ
รายการนี้ยังไม่มีแท็ก
คุณยังไม่ได้ล็อกอิน คุณสามารถมีกิจกรรมร่วมกับเว็บไซต์ได้ แต่ต้องล็อกอินก่อน ::
  ล็อกอิน

รายการสื่อสารสนเทศ

ลำดับที่ ประเภท เลขเรียก/บาร์โค้ด สถานที่ สถานะ
- ไม่พบข้อมูล -

รายการใกล้เคียง
    หัวเรื่อง [นรีเวชวิทยา]

BibComment


ยังไม่เคยถูกคอมเมนท์

คอมเมนท์ทรัพยากรรายการนี้
  คอมเมนท์: นรีเวชวิทยา สมบู..


 Copyright 2026. Bcnsprnw @Library